00888nam a22001817a 4500003000500000005001700005008004100022020001800063082001300081100002500094245004500119260003700164300001600201505033100217942001200548999001900560952012700579NUST20221103125302.0221103b ||||| |||| 00| 0 eng d a0-75256-480-3 a747, GOR aGorton, Phil9102313 aComplete Home Decorating: b Phil Gorton aUkbParragon, Incorporatedc2001 a256: pages  aIntroduction (Page-6), How to use this book (Page-8), Planning (Page-10), Colour (Page-20), Painting (Page-32), Paper finisher (Page-66), Wood, brick and tile finisher (Page-92), Floor (Page-154), Woodwork (Page-184), Furniture face lifts (Page-202), Stylish space savers (Page-212), Accent accessories (Page-224).  2ddccBK c592248d592248 00102ddc4070aMCSbMCScGENd2022-11-03o747,GORpMCS38234r2022-11-03w2022-11-03yBKzAlmirah Fresh No.45, Shelf No.6